| 000 | 01314nac a22003011u 4500 | ||
|---|---|---|---|
| 010 | _a 99040315 | ||
| 020 | _a052166165X | ||
| 035 | _a(DLC) 99040315 | ||
| 082 | 0 | 0 |
_a320.4509045 _bRAV |
| 090 |
_c9044 _d9044 |
||
| 100 | _aRavich, Samantha Fay. | ||
| 245 | 1 | 0 |
_aMarketization and democracy :East Asian experiences / _bEast Asian experiences / _cSamantha F. Ravich. |
| 260 |
_aCambridge ; _aNew York : _bCambridge University Press,C.2000. _cC.2000. |
||
| 300 |
_axv, 277 p. : _bill. ; _c24 cm. |
||
| 440 | 0 | _aRAND studies in policy analysis | |
| 500 | _aDistributer: Al-Ahram. | ||
| 504 | _aIncludes bibliograhical references (p. 247-269) and index, | ||
| 511 | _aCatalogued By: Mahitab. | ||
| 650 | 0 |
_aFree trade _zEast Asia _xEconometric models. |
|
| 650 | 0 |
_aDemocracy _xEast Asia. |
|
| 651 | 0 |
_aEast Asia _xEconomic conditions _xEconometric models. |
|
| 651 | 0 |
_aEast Asia _xEconomic policy. |
|
| 651 | 0 |
_aEast Asia _xPolitics and government. |
|
| 856 | 4 | 2 |
_3Publisher description _uhttp://www.loc.gov/catdir/description/cam0210/99040315.html |
| 856 | 4 | 2 |
_3Table of contents _uhttp://www.loc.gov/catdir/toc/cam026/99040315.html |
| 942 |
_cBB _k320.4509045RAV |
||
| 999 |
_c9044 _d9044 |
||